[Event "Mittelfranken-chTB2b 1920"]
[Site "Mittelfranken"]
[Date "2020.03.08"]
[Round "7.7"]
[White "Duong, Quang Bach"]
[Black "Sirvent, Ricardo"]
[Result "1-0"]
[WhiteElo "1658"]
[BlackElo "1570"]
[PlyCount "95"]
[EventDate "2019.10.13"]
[EventType "team-tourn"]
[EventRounds "9"]
[EventCountry "GER"]
[SourceTitle "EXT 2023"]
[Source "ChessBase"]
[SourceDate "2022.10.05"]
[SourceVersion "1"]
[SourceVersionDate "2022.10.05"]
[SourceQuality "1"]
[WhiteTeam "Nuernberg SK 1911 II"]
[BlackTeam "Uttenreuth"]
[WhiteTeamCountry "GER"]
[BlackTeamCountry "GER"]

1. d4 Nf6 2. Nc3 d5 3. Bf4 e6 4. e3 Bd6 5. Bd3 Nc6 6. Nf3 0-0 7. 0-0 a6 8. Bxd6 cxd6 9. e4 dxe4 10. Nxe4 Nxe4 11. Bxe4 d5 12. Bd3 Bd7 13. c3 b5 14. a3 Rb8 15. Qe2 Na7 16. Ne5 f6 17. Qh5 f5 18. f4 Rf6 19. Rae1 Be8 20. Qd1 Rh6 21. Nf3 Bh5 22. Re3 Nc8 23. Qe1 Bxf3 24. Rfxf3 Nd6 25. Rxe6 Ne4 26. Rxh6 gxh6 27. Rh3 Qf6 28. Bxe4 dxe4 29. Qg3+ Kh8 30. Qh4 Qxh4 31. Rxh4 Kg7 32. Kf2 Rb6 33. g4 Kg6 34. Ke3 a5 35. h3 b4 36. axb4 axb4 37. c4 Ra6 38. gxf5+ Kf7 39. Kxe4 Ra2 40. Rxh6 Rxb2 41. Rxh7+ Kf8 42. Rb7 b3 43. Kd5 Rb1 44. c5 b2 45. c6 Ke8 46. f6 Rf1 47. Rxb2 Rxf4 48. Rb8+ 1-0

[Event "GER-ch 2014-E-V6 serv"]
[Site "GER email"]
[Date "2014.12.08"]
[Round "?"]
[White "Schaffarth, Peter"]
[Black "Sirvent, Ricardo"]
[Result "1/2-1/2"]
[WhiteElo "1857"]
[BlackElo "2036"]
[PlyCount "78"]
[EventDate "2014.12.22"]
[EventType "tourn (corr)"]
[EventRounds "6"]
[EventCountry "GER"]
[SourceTitle "Corr 2020"]
[Source "ChessBase"]
[SourceDate "2019.09.30"]
[SourceVersion "1"]
[SourceVersionDate "2019.09.30"]
[SourceQuality "1"]

1. d4 d5 2. c4 e6 3. g3 Nf6 4. Bg2 Be7 5. Nf3 0-0 6. 0-0 dxc4 7. Ne5 c5 8. dxc5 Qc7 9. Nxc4 Bxc5 10. Nc3 Rd8 11. Bf4 Qe7 12. Qc2 Nc6 13. Bxc6 bxc6 14. Na5 Bb7 15. Bg5 Bb4 16. Nxb7 Qxb7 17. Ne4 Nxe4 18. Bxd8 Nd2 19. Bg5 Nxf1 20. Rxf1 h6 21. Be3 Be7 22. Rd1 Rd8 23. Rxd8+ Bxd8 24. b3 Bb6 25. Bc1 Qd7 26. Bb2 Qd5 27. e3 e5 28. Bc3 e4 29. Kg2 f6 30. Qe2 Kf7 31. b4 Qb5 32. Qg4 Qd3 33. Ba1 Qd5 34. Qe2 Qb5 35. Qc2 Qxb4 36. Qxc6 Qe7 37. Bc3 Qe6 38. Qb7+ Kg6 39. Bd4 Qf5 1/2-1/2

[Event "GER-ch 2014-C-V5 serv"]
[Site "GER email"]
[Date "2014.07.08"]
[Round "?"]
[White "Scharf, Wolfgang"]
[Black "Sirvent, Ricardo"]
[Result "0-1"]
[WhiteElo "1966"]
[BlackElo "2072"]
[PlyCount "86"]
[EventDate "2014.07.10"]
[EventType "tourn (corr)"]
[EventRounds "6"]
[EventCountry "GER"]
[SourceTitle "Corr 2015"]
[Source "ChessBase"]
[SourceDate "2015.07.17"]
[SourceVersion "1"]
[SourceVersionDate "2015.07.17"]
[SourceQuality "1"]

1. d4 d5 2. c4 e6 3. Nf3 Nf6 4. Nc3 c6 5. e3 Nbd7 6. Bd3 dxc4 7. Bxc4 b5 8. Bd3 Bb7 9. 0-0 a6 10. e4 c5 11. d5 Qc7 12. dxe6 fxe6 13. Bc2 c4 14. Nd4 Nc5 15. Be3 e5 16. Nf5 g6 17. Bg5 Nfxe4 18. Nxe4 Nxe4 19. Bxe4 Bxe4 20. Bf6 gxf5 21. Bxh8 Bd6 22. Bf6 Kf7 23. Bh4 Rg8 24. Qh5+ Ke6 25. Bg3 Qf7 26. Qxf7+ Kxf7 27. Rfe1 Ke6 28. f3 Bd3 29. a3 Kd5 30. Rad1 a5 31. Rd2 a4 32. Red1 Rc8 33. Re2 Rb8 34. Be1 e4 35. fxe4+ fxe4 36. g3 Bc5+ 37. Bf2 b4 38. axb4 Rxb4 39. Bxc5 Kxc5 40. Rg2 e3 41. Re1 Rb3 42. h3 e2 43. Rexe2 a3 0-1

[Event "GER-ch 2014-C-V5 serv"]
[Site "GER email"]
[Date "2014.07.08"]
[Round "?"]
[White "Sirvent, Ricardo"]
[Black "Hansen, Heinz"]
[Result "1/2-1/2"]
[WhiteElo "2030"]
[BlackElo "1816"]
[PlyCount "61"]
[EventDate "2014.07.10"]
[EventType "tourn (corr)"]
[EventRounds "6"]
[EventCountry "GER"]
[SourceTitle "Corr 2020"]
[Source "ChessBase"]
[SourceDate "2019.09.30"]
[SourceVersion "1"]
[SourceVersionDate "2019.09.30"]
[SourceQuality "1"]

1. e4 e6 2. d4 d5 3. Nc3 Be7 4. Bd3 dxe4 5. Nxe4 Nf6 6. Nf3 Nbd7 7. Nxf6+ Nxf6 8. 0-0 0-0 9. Ne5 c5 10. dxc5 Qc7 11. Bf4 Qxc5 12. c4 g6 13. Re1 Nd7 14. Ng4 Bg5 15. Qd2 Bxf4 16. Qxf4 Qe7 17. Rad1 h5 18. Ne5 Nxe5 19. Rxe5 Rd8 20. Qg3 h4 21. Qf3 Kg7 22. Ree1 Qf6 23. Be4 Rxd1 24. Qxf6+ Kxf6 25. Rxd1 Ke7 26. f4 Bd7 27. b3 Bc6 28. Bxc6 bxc6 29. c5 a5 30. Rd6 Rc8 31. Kf2 1/2-1/2

[Event "GER-ch 2014-C-V5 serv"]
[Site "GER email"]
[Date "2014.07.08"]
[Round "?"]
[White "Sirvent, Ricardo"]
[Black "Werner, Juergen"]
[Result "1/2-1/2"]
[WhiteElo "2030"]
[BlackElo "2216"]
[PlyCount "62"]
[EventDate "2014.07.10"]
[EventType "tourn (corr)"]
[EventRounds "6"]
[EventCountry "GER"]
[SourceTitle "Corr 2020"]
[Source "ChessBase"]
[SourceDate "2019.09.30"]
[SourceVersion "1"]
[SourceVersionDate "2019.09.30"]
[SourceQuality "1"]

1. e4 c5 2. Nf3 d6 3. d4 cxd4 4. Nxd4 Nf6 5. Nc3 a6 6. Be3 e5 7. Nb3 Be6 8. f3 Be7 9. Qd2 Nbd7 10. g4 0-0 11. 0-0-0 b5 12. g5 b4 13. Ne2 Ne8 14. f4 g6 15. Kb1 a5 16. h4 a4 17. Nbc1 Ng7 18. h5 Qc7 19. h6 Ne8 20. Bg2 b3 21. cxb3 axb3 22. Nxb3 Qb7 23. Qc2 exf4 24. Bxf4 Ne5 25. Qc3 Nc7 26. Bxe5 Nb5 27. Qg3 Qa6 28. Nec1 Bxb3 29. Qxb3 dxe5 30. Bf1 Rfb8 31. Ka1 Qc6 1/2-1/2

[Event "GER-ch 2014-C-V5 serv"]
[Site "GER email"]
[Date "2014.07.08"]
[Round "?"]
[White "Voigt, Detlev"]
[Black "Sirvent, Ricardo"]
[Result "1-0"]
[WhiteElo "1757"]
[BlackElo "2030"]
[PlyCount "91"]
[EventDate "2014.07.10"]
[EventType "tourn (corr)"]
[EventRounds "6"]
[EventCountry "GER"]
[SourceTitle "Corr 2020"]
[Source "ChessBase"]
[SourceDate "2019.09.30"]
[SourceVersion "1"]
[SourceVersionDate "2019.09.30"]
[SourceQuality "1"]

1. c4 Nf6 2. Nc3 e5 3. Nf3 Nc6 4. g3 Bb4 5. Bg2 0-0 6. 0-0 d6 7. d3 h6 8. Bd2 a5 9. a3 Bc5 10. e3 Re8 11. Qc2 Bf5 12. Nh4 Bg4 13. h3 Be6 14. Kh2 Bd7 15. Na4 Ba7 16. b4 Qc8 17. Rfb1 Nd8 18. bxa5 Bb8 19. Nc3 Nc6 20. Ne4 Nxe4 21. Bxe4 Nxa5 22. Bxa5 Rxa5 23. Bxb7 Qd8 24. Qc3 Ra7 25. a4 Rxa4 26. Rxa4 Bxa4 27. Qa3 Bd7 28. Qa8 g6 29. Bd5 Kg7 30. Nf3 Rf8 31. Nd2 Qe8 32. Bg2 c6 33. Rb7 Qc8 34. Nb3 h5 35. h4 Kh6 36. Nd2 Kg7 37. Kg1 Rd8 38. Ne4 d5 39. cxd5 cxd5 40. Ng5 Qc6 41. Nxf7 Rc8 42. Ng5 Kh8 43. e4 d4 44. Kh2 Bc7 45. Qa2 Rf8 46. Qa7 1-0

[Event "GER-ch 2014-A-V6 serv"]
[Site "GER email"]
[Date "2014.02.14"]
[Round "?"]
[White "Grube, Andreas"]
[Black "Sirvent, Ricardo"]
[Result "1/2-1/2"]
[WhiteElo "2124"]
[BlackElo "2072"]
[PlyCount "55"]
[EventDate "2014.02.24"]
[EventType "tourn (corr)"]
[EventRounds "6"]
[EventCountry "GER"]
[SourceTitle "Corr 2015"]
[Source "ChessBase"]
[SourceDate "2015.07.17"]
[SourceVersion "1"]
[SourceVersionDate "2015.07.17"]
[SourceQuality "1"]

1. Nf3 Nf6 2. c4 e6 3. Nc3 d5 4. d4 Be7 5. Bf4 0-0 6. a3 c6 7. e3 Nbd7 8. h3 c5 9. Rc1 Ne4 10. Bd3 Nxc3 11. Rxc3 cxd4 12. exd4 dxc4 13. Rxc4 Nb6 14. Bc7 Qd5 15. Rc3 Bd7 16. Bxb6 axb6 17. 0-0 Rac8 18. Qc2 g6 19. Be4 Rxc3 20. bxc3 Qa5 21. Ne5 Bb5 22. Rb1 Ba6 23. Qd2 Bxa3 24. Ra1 Rc8 25. Qe3 Rxc3 26. Qf4 f5 27. g4 fxe4 28. Qf7+ 1/2-1/2

[Event "GER-ch 2014-A-V6 serv"]
[Site "GER email"]
[Date "2014.02.14"]
[Round "?"]
[White "Sirvent, Ricardo"]
[Black "Schumacher, Horst"]
[Result "1/2-1/2"]
[WhiteElo "2072"]
[BlackElo "2032"]
[PlyCount "115"]
[EventDate "2014.02.24"]
[EventType "tourn (corr)"]
[EventRounds "6"]
[EventCountry "GER"]
[SourceTitle "Corr 2015"]
[Source "ChessBase"]
[SourceDate "2015.07.17"]
[SourceVersion "1"]
[SourceVersionDate "2015.07.17"]
[SourceQuality "1"]

1. e4 e5 2. Nf3 Nc6 3. Bb5 a6 4. Ba4 Nf6 5. 0-0 Bc5 6. c3 b5 7. Bb3 Nxe4 8. Qe2 d5 9. d3 Bxf2+ 10. Rxf2 Nxf2 11. Qxf2 f6 12. Nbd2 Na5 13. Bc2 0-0 14. Nb3 Nxb3 15. Bxb3 Be6 16. Be3 Qd7 17. Bc2 Rfb8 18. d4 e4 19. Nd2 a5 20. Nb3 a4 21. Nc5 Qe7 22. Bf4 Rb6 23. Qg3 Ra7 24. Rf1 Kh8 25. Bd1 Bc8 26. a3 Qf7 27. Qh4 Kg8 28. g4 h6 29. Qg3 Qe7 30. h4 g5 31. Be3 Ra8 32. Kf2 Ba6 33. Be2 Rf8 34. Ke1 Bc8 35. Kd2 Qd6 36. Qh3 Rf7 37. Kc2 Qe7 38. Kb1 Rh7 39. Qg2 Rg7 40. Rh1 Rf7 41. Bf2 Rg7 42. Qg3 Rh7 43. Qh2 h5 44. gxh5 g4 45. Bg3 f5 46. Kc2 Rxh5 47. Bf4 Kh7 48. Qg3 Rbh6 49. Rh2 c6 50. Bxh6 Rxh6 51. Kd2 Kg7 52. Qb8 Rh8 53. Qf4 Kg6 54. Qg3 Rf8 55. Rf2 Rh8 56. Rh2 Rf8 57. Rf2 Rh8 58. Rh2 1/2-1/2

[Event "GER-ch68 email"]
[Site "GER email"]
[Date "2013.08.21"]
[Round "?"]
[White "Noeth, Dieter"]
[Black "Sirvent, Ricardo"]
[Result "1-0"]
[WhiteElo "2162"]
[BlackElo "2078"]
[PlyCount "95"]
[EventDate "2013.09.01"]
[EventType "tourn (corr)"]
[EventRounds "10"]
[EventCountry "GER"]
[SourceTitle "Corr 2015"]
[Source "ChessBase"]
[SourceDate "2015.07.17"]
[SourceVersion "1"]
[SourceVersionDate "2015.07.17"]
[SourceQuality "1"]

1. c4 Nf6 2. Nc3 g6 3. e4 d6 4. d4 Bg7 5. Nf3 0-0 6. Be2 e5 7. 0-0 Nc6 8. d5 Ne7 9. Ne1 Nd7 10. Nd3 f5 11. f3 f4 12. Bd2 Nf6 13. Rc1 g5 14. c5 Ng6 15. Nb5 Rf7 16. Ba5 b6 17. cxd6 cxd6 18. Be1 a6 19. Nc3 a5 20. a4 Bf8 21. Bf2 Rg7 22. Kh1 h5 23. Qb3 Nd7 24. Nb5 Nc5 25. Qd1 Bd7 26. Nxc5 bxc5 27. Na3 Nh4 28. Bb5 Bxb5 29. axb5 Rb7 30. Bxh4 gxh4 31. Rc2 Kh7 32. Rg1 Rab8 33. Qe1 Be7 34. g4 fxg3 35. hxg3 Bg5 36. f4 exf4 37. gxh4 Bf6 38. e5 Bxe5 39. Qe4+ Kh8 40. Nc4 Bd4 41. Rg6 Rh7 42. Qxf4 Qf8 43. Qxf8+ Rxf8 44. Rcg2 Rg7 45. Rxg7 Bxg7 46. b6 Rb8 47. Rg6 Bf8 48. Kg2 1-0

[Event "GER-ch68 email"]
[Site "GER email"]
[Date "2013.08.21"]
[Round "?"]
[White "Sirvent, Ricardo"]
[Black "Bars, Joachim"]
[Result "1/2-1/2"]
[WhiteElo "2078"]
[BlackElo "2149"]
[PlyCount "59"]
[EventDate "2013.09.01"]
[EventType "tourn (corr)"]
[EventRounds "10"]
[EventCountry "GER"]
[SourceTitle "Corr 2015"]
[Source "ChessBase"]
[SourceDate "2015.07.17"]
[SourceVersion "1"]
[SourceVersionDate "2015.07.17"]
[SourceQuality "1"]

1. d4 Nf6 2. c4 e6 3. Nf3 b6 4. g3 Ba6 5. b3 Bb4+ 6. Bd2 Be7 7. Bg2 c6 8. Bc3 d5 9. Nbd2 Nbd7 10. 0-0 0-0 11. Re1 c5 12. e4 dxe4 13. Nxe4 Nxe4 14. Rxe4 Bb7 15. Re2 Bf6 16. Rd2 Qe7 17. Qc2 Rad8 18. Rad1 Rfe8 19. Bb2 Bxf3 20. Bxf3 cxd4 21. Bxd4 Bxd4 22. Rxd4 Ne5 23. Qc3 Rxd4 24. Rxd4 f6 25. Be4 g6 26. Qd2 Qc7 27. Rd6 Kg7 28. h3 Re7 29. Qb4 g5 30. Kf1 1/2-1/2

[Event "GER-ch68 email"]
[Site "GER email"]
[Date "2013.08.21"]
[Round "?"]
[White "Sirvent, Ricardo"]
[Black "Mergard, Hans Peter"]
[Result "1/2-1/2"]
[WhiteElo "2078"]
[BlackElo "2052"]
[PlyCount "43"]
[EventDate "2013.09.01"]
[EventType "tourn (corr)"]
[EventRounds "10"]
[EventCountry "GER"]
[SourceTitle "Corr 2015"]
[Source "ChessBase"]
[SourceDate "2015.07.17"]
[SourceVersion "1"]
[SourceVersionDate "2015.07.17"]
[SourceQuality "1"]

1. e4 e5 2. Nf3 Nf6 3. Nxe5 d6 4. Nf3 Nxe4 5. d4 d5 6. Bd3 Be7 7. 0-0 Nc6 8. Re1 Bg4 9. c4 Nf6 10. cxd5 Bxf3 11. Qxf3 Qxd5 12. Qxd5 Nxd5 13. Nc3 0-0-0 14. Bf5+ Kb8 15. Be4 Bb4 16. Bxd5 Rxd5 17. a3 Bxc3 18. bxc3 Rdd8 19. Kf1 Rhe8 20. Rxe8 Rxe8 21. Be3 Ne7 22. Ke2 1/2-1/2

[Event "GER-ch68 email"]
[Site "GER email"]
[Date "2013.08.21"]
[Round "?"]
[White "Weber, Karlheinz"]
[Black "Sirvent, Ricardo"]
[Result "1/2-1/2"]
[WhiteElo "2135"]
[BlackElo "2078"]
[PlyCount "76"]
[EventDate "2013.09.01"]
[EventType "tourn (corr)"]
[EventRounds "10"]
[EventCountry "GER"]
[SourceTitle "Corr 2015"]
[Source "ChessBase"]
[SourceDate "2015.07.17"]
[SourceVersion "1"]
[SourceVersionDate "2015.07.17"]
[SourceQuality "1"]

1. d4 d5 2. c4 c6 3. Nf3 Nf6 4. Nc3 e6 5. e3 Nbd7 6. Bd3 dxc4 7. Bxc4 b5 8. Bd3 a6 9. e4 c5 10. e5 cxd4 11. Nxb5 Nxe5 12. Nxe5 axb5 13. Bxb5+ Bd7 14. Nxd7 Qa5+ 15. Bd2 Qxb5 16. Nxf8 Kxf8 17. a4 Qxb2 18. 0-0 Qb7 19. Rb1 Qd7 20. Rb5 Kg8 21. Qf3 Rc8 22. Rfb1 h5 23. Qd3 e5 24. Rb8 e4 25. Rxc8+ Qxc8 26. Qxd4 Kh7 27. h3 Rd8 28. Qb4 Qf5 29. Ra1 Rd3 30. a5 Qe5 31. Rb1 Qd5 32. Be1 e3 33. f3 e2 34. Qb5 Qd4+ 35. Kh2 Re3 36. a6 Ra3 37. Qxe2 Qd6+ 38. Bg3 Qxa6 1/2-1/2

[Event "GER-ch 2013-C-V8 serv"]
[Site "GER email"]
[Date "2013.06.17"]
[Round "?"]
[White "Sirvent, Ricardo"]
[Black "Hempel, Reinhard"]
[Result "1/2-1/2"]
[WhiteElo "2079"]
[BlackElo "1945"]
[PlyCount "112"]
[EventDate "2013.06.20"]
[EventType "tourn (corr)"]
[EventRounds "6"]
[EventCountry "GER"]
[SourceTitle "Corr 2015"]
[Source "ChessBase"]
[SourceDate "2015.07.17"]
[SourceVersion "1"]
[SourceVersionDate "2015.07.17"]
[SourceQuality "1"]

1. e4 c5 2. Nf3 d6 3. d4 cxd4 4. Nxd4 Nf6 5. Nc3 a6 6. Be2 e5 7. Nb3 Be7 8. 0-0 0-0 9. Qd3 Re8 10. Be3 Qc7 11. Rfd1 b5 12. Nd5 Nxd5 13. exd5 Nd7 14. a4 b4 15. a5 Rb8 16. Nd2 Bd8 17. Qc4 Nf6 18. Qxc7 Bxc7 19. Nc4 Bf5 20. Bb6 Bxb6 21. Nxb6 Bxc2 22. Rdc1 b3 23. Bxa6 Re7 24. f3 Ra7 25. Bc4 Kf8 26. Kf2 Ke7 27. Ke3 Kd8 28. g4 g5 29. h3 Rbb7 30. Rh1 Rc7 31. h4 gxh4 32. Rxh4 Rc5 33. a6 Kc7 34. g5 Kxb6 35. gxf6 Rac7 36. Ra3 Ka7 37. Bxb3 Bxb3 38. Rxb3 Rxd5 39. Rxh7 Rd4 40. Rd3 Rxd3+ 41. Kxd3 d5 42. Rh5 Rc6 43. Rxe5 Rxf6 44. Ke3 d4+ 45. Ke4 Rd6 46. Ra5 d3 47. Ra1 d2 48. Rd1 Kxa6 49. Ke3 f5 50. b3 Kb5 51. Rxd2 f4+ 52. Ke2 Re6+ 53. Kf2 Re3 54. Rd4 Rxb3 55. Rxf4 Kc5 56. Re4 Kd5 1/2-1/2

[Event "Mittelfranken-chTB2b 1213"]
[Site "Germany"]
[Date "2013.01.27"]
[Round "1.8"]
[White "Mueller, Maximilian1111"]
[Black "Sirvent, Ricardo"]
[Result "1/2-1/2"]
[WhiteElo "1797"]
[BlackElo "1523"]
[PlyCount "55"]
[EventDate "2012.10.07"]
[EventType "team-tourn"]
[EventRounds "9"]
[EventCountry "GER"]
[SourceTitle "EXT 2019"]
[Source "ChessBase"]
[SourceDate "2018.10.10"]
[SourceVersion "1"]
[SourceVersionDate "2018.10.10"]
[SourceQuality "1"]
[WhiteTeam "Buechenbach/Roth II"]
[BlackTeam "Uttenreuth"]
[WhiteTeamCountry "GER"]
[BlackTeamCountry "GER"]

1. e4 c5 2. Nf3 Nc6 3. Nc3 e6 4. d4 cxd4 5. Nxd4 a6 6. a3 Qc7 7. Be3 Nf6 8. Be2 Be7 9. 0-0 0-0 10. f4 d6 11. Bf3 Nxd4 12. Bxd4 e5 13. Be3 b5 14. Qe1 Bb7 15. Qg3 Qc4 16. fxe5 dxe5 17. Qxe5 Rfe8 18. Qd4 Qc7 19. e5 Bxf3 20. Rxf3 Nd7 21. Rxf7 Kxf7 22. Qd5+ Kg6 23. Rf1 Nf6 24. exf6 Bxf6 25. Qf5+ Kf7 26. Qd5+ Kg6 27. Qf5+ Kf7 28. Qd5+ 1/2-1/2

[Event "GER-ch 2012-G-V8 serv"]
[Site "GER email"]
[Date "2012.12.10"]
[Round "?"]
[White "Zill, Eberhard"]
[Black "Sirvent, Ricardo"]
[Result "1/2-1/2"]
[WhiteElo "2138"]
[BlackElo "2073"]
[PlyCount "54"]
[EventDate "2012.12.31"]
[EventType "tourn (corr)"]
[EventRounds "6"]
[EventCountry "GER"]
[SourceTitle "Corr 2015"]
[Source "ChessBase"]
[SourceDate "2015.07.17"]
[SourceVersion "1"]
[SourceVersionDate "2015.07.17"]
[SourceQuality "1"]

1. c4 e5 2. g3 Nf6 3. Bg2 d5 4. cxd5 Nxd5 5. Nc3 Nb6 6. Nf3 Nc6 7. 0-0 Be7 8. a3 0-0 9. b4 Be6 10. Rb1 a6 11. d3 f5 12. Bb2 Qd7 13. Nd2 Rad8 14. Nb3 Nd5 15. Rc1 Rf7 16. Nxd5 Bxd5 17. e4 Be6 18. exf5 Bxf5 19. Nc5 Bxc5 20. Rxc5 Bxd3 21. Rd5 Qf5 22. g4 Qg6 23. Rxd8+ Nxd8 24. Bxe5 Rd7 25. Bg3 h6 26. h3 Bb5 27. Qb1 Qxb1 1/2-1/2

[Event "GER-ch 2012-F-V7 serv"]
[Site "GER email"]
[Date "2012.11.05"]
[Round "?"]
[White "Koch, Hans Georg"]
[Black "Sirvent, Ricardo"]
[Result "1/2-1/2"]
[WhiteElo "2142"]
[BlackElo "2114"]
[PlyCount "65"]
[EventDate "2012.11.19"]
[EventType "tourn (corr)"]
[EventRounds "6"]
[EventCountry "GER"]
[SourceTitle "Corr 2015"]
[Source "ChessBase"]
[SourceDate "2015.07.17"]
[SourceVersion "1"]
[SourceVersionDate "2015.07.17"]
[SourceQuality "1"]

1. e4 c5 2. Nf3 Nc6 3. Bb5 e6 4. 0-0 Nge7 5. c3 a6 6. Ba4 b5 7. Bc2 Bb7 8. Qe2 d5 9. e5 Qb6 10. Re1 h6 11. a4 b4 12. d4 cxd4 13. cxd4 Nxd4 14. Nxd4 Qxd4 15. Nd2 Nc6 16. Nb3 Qc4 17. Qd1 Qh4 18. f4 g6 19. Be3 Bg7 20. Qd2 0-0 21. Bf2 Qd8 22. a5 Re8 23. Bd3 Bf8 24. Bb6 Qd7 25. Nc5 Bxc5+ 26. Bxc5 d4 27. Rec1 Qd5 28. Bb6 Rac8 29. Rc4 Qd7 30. Be2 Qd5 31. Rc5 Qd7 32. Rac1 Kg7 33. h3 1/2-1/2

[Event "GER-ch 2012-F-V7 serv"]
[Site "GER email"]
[Date "2012.11.05"]
[Round "?"]
[White "Sirvent, Ricardo"]
[Black "Reinecke, Rudolf"]
[Result "1/2-1/2"]
[WhiteElo "2114"]
[BlackElo "2068"]
[PlyCount "47"]
[EventDate "2012.11.19"]
[EventType "tourn (corr)"]
[EventRounds "6"]
[EventCountry "GER"]
[SourceTitle "Corr 2015"]
[Source "ChessBase"]
[SourceDate "2015.07.17"]
[SourceVersion "1"]
[SourceVersionDate "2015.07.17"]
[SourceQuality "1"]

1. Nf3 Nf6 2. c4 e6 3. Nc3 d5 4. d4 Be7 5. Bg5 h6 6. Bh4 0-0 7. e3 b6 8. Bd3 Bb7 9. 0-0 Nbd7 10. Qe2 c5 11. Bg3 Ne4 12. Bxe4 dxe4 13. Ne5 cxd4 14. exd4 Nxe5 15. Bxe5 f6 16. Bf4 f5 17. Rfd1 Rc8 18. b3 Bb4 19. Qc2 Qh4 20. Ne2 Rfd8 21. a4 Bd6 22. Bxd6 Rxd6 23. Qd2 a5 24. Rab1 1/2-1/2

[Event "GER MS-153 email"]
[Site "GER email"]
[Date "2012.01.29"]
[Round "?"]
[White "Sirvent, Ricardo"]
[Black "Harf, Heinz"]
[Result "1-0"]
[WhiteElo "2091"]
[BlackElo "1995"]
[PlyCount "99"]
[EventDate "2012.02.06"]
[EventType "tourn (corr)"]
[EventRounds "6"]
[EventCountry "GER"]
[SourceTitle "Corr 2015"]
[Source "ChessBase"]
[SourceDate "2015.07.17"]
[SourceVersion "1"]
[SourceVersionDate "2015.07.17"]
[SourceQuality "1"]
[WhiteTeam "Germany"]
[BlackTeam "Germany"]
[WhiteTeamCountry "GER"]
[BlackTeamCountry "GER"]

1. e4 e6 2. d4 d5 3. Nc3 Nf6 4. Bg5 Be7 5. e5 Nfd7 6. Bxe7 Qxe7 7. f4 0-0 8. Nf3 c5 9. Qd2 Nc6 10. dxc5 Rb8 11. a3 Qxc5 12. b4 Qb6 13. Bd3 a6 14. Qf2 h6 15. Ne2 Qxf2+ 16. Kxf2 b5 17. Ned4 Nxd4 18. Nxd4 Nb6 19. g4 Bd7 20. Ke3 Rbc8 21. Nb3 Rfd8 22. h4 Rc7 23. Kd4 Na4 24. h5 Be8 25. g5 Rc4+ 26. Ke3 Rc3 27. Rhg1 d4+ 28. Nxd4 Kf8 29. gxh6 gxh6 30. Rg3 Nb6 31. Kd2 Rc7 32. c3 Nd5 33. Rag1 Nxf4 34. Rf1 Nxh5 35. Rh3 Ng7 36. Rxh6 Rcc8 37. Rg1 Nf5 38. Bxf5 exf5 39. Rxa6 Rc6 40. Rxc6 Bxc6 41. Kd3 Ke7 42. Rf1 Be4+ 43. Ke3 Rc8 44. Nxb5 f6 45. e6 Kxe6 46. Kf4 Kd7 47. a4 Rh8 48. Rd1+ Ke7 49. a5 Rh3 50. Nd4 1-0

[Event "GER MS-153 email"]
[Site "GER email"]
[Date "2012.01.29"]
[Round "?"]
[White "Sirvent, Ricardo"]
[Black "Schunck, Franz"]
[Result "1/2-1/2"]
[WhiteElo "2091"]
[BlackElo "2108"]
[PlyCount "55"]
[EventDate "2012.02.06"]
[EventType "tourn (corr)"]
[EventRounds "6"]
[EventCountry "GER"]
[SourceTitle "Corr 2015"]
[Source "ChessBase"]
[SourceDate "2015.07.17"]
[SourceVersion "1"]
[SourceVersionDate "2015.07.17"]
[SourceQuality "1"]
[WhiteTeam "Germany"]
[BlackTeam "Germany"]
[WhiteTeamCountry "GER"]
[BlackTeamCountry "GER"]

1. e4 e6 2. d4 d5 3. Nc3 Nf6 4. Bg5 Be7 5. e5 Nfd7 6. Bxe7 Qxe7 7. f4 0-0 8. Nf3 c5 9. Qd2 a6 10. dxc5 Nxc5 11. Bd3 Nc6 12. 0-0 Bd7 13. a3 Nxd3 14. cxd3 b5 15. Ne2 b4 16. a4 Rac8 17. Rfc1 Qd8 18. b3 Qb6+ 19. d4 a5 20. g4 Ne7 21. Rxc8 Rxc8 22. Rc1 Rc6 23. Rxc6 Qxc6 24. Qc1 Qxc1+ 25. Nxc1 h5 26. h3 Bc8 27. Kf2 Ba6 28. Ne2 1/2-1/2

[Event "GER-ch68 V07 email"]
[Site "GER email"]
[Date "2012.01.28"]
[Round "?"]
[White "Lelgemann, Ludwig"]
[Black "Sirvent, Ricardo"]
[Result "1/2-1/2"]
[WhiteElo "2024"]
[BlackElo "2091"]
[PlyCount "40"]
[EventDate "2012.02.13"]
[EventType "tourn (corr)"]
[EventRounds "6"]
[EventCountry "GER"]
[SourceTitle "Corr 2015"]
[Source "ChessBase"]
[SourceDate "2015.07.17"]
[SourceVersion "1"]
[SourceVersionDate "2015.07.17"]
[SourceQuality "1"]
[WhiteTeam "Germany"]
[BlackTeam "Germany"]
[WhiteTeamCountry "GER"]
[BlackTeamCountry "GER"]

1. d4 d5 2. c4 c6 3. Nf3 Nf6 4. Nc3 e6 5. e3 Nbd7 6. Bd3 dxc4 7. Bxc4 b5 8. Bd3 Bb7 9. 0-0 a6 10. e4 c5 11. d5 c4 12. Bc2 Qc7 13. Qe2 Bd6 14. dxe6 fxe6 15. Nd4 Bxh2+ 16. Kh1 Nc5 17. f4 e5 18. Ndxb5 axb5 19. Kxh2 h5 20. Nxb5 Ng4+ 1/2-1/2